000 00654nam a2200169 i 4500
001 163538
003 ES-MaACL
005 20230906212747.0
008 050714s1889 ae | |||||||| ||fre d
040 _aCAM
_bspa
_cCAM
100 1 _aRinn, Louis.
_9131827
245 1 4 _aLes origines berbères
_b: études linguistiques & ethnologiques /
_cpar Louis Rinn.
260 _aAlger :
_bAdolphe Jourdan libraire-éditeur,
_c1889.
300 _a412, XXXIX p., [7] h. de lám. ;
_c24 cm.
650 4 _aBereberes.
_910512
852 _aES-MaACL
_jF-11356
_z-- Enc. pasta española
_z-- En la port. banderilla en la que consta: Paris : Challamel et c\pie\s éditeurs
999 _c163538
_d163538